000 01170pam a2200277 a 4500
001 3786045
005 19880104000000.0
008 840405s1995 enka |rb 001 0 eng
010 _a 84005490
020 _a0412602105
020 _a9780412602108
040 _aDLC
_cDLC
_dDLC
050 0 0 _aTJ267
_b.T88 1984
082 0 0 _a621.406
_222
_bTUR
100 1 _aTurton, R. K.
_q(Robert Keith)
_923154
245 1 0 _aPrinciples of Turbomachinery /
_cR.K. Turton.
250 _a2nd ed.
260 _aLondon :
_bChapman & Hall, 1995
_c1984.
300 _axv, 265 p. :
_bill. ;
_c25 cm.
504 _aIncludes bibliographical references (p.262) and index
650 0 _aTurbomachines.
_923155
942 _2ddc
_cNB
999 _c15135
_d15135